000 01919cam a22005054a 4500
001 muse85025
003 MdBmJHUP
005 20210127151636.0
006 m o d
007 cr||||||||nn|n
008 101117s2001 mx o 00 0 spa d
020 _a9786076288146
020 _z9789681210274
020 _z9681210271
035 _a(OCoLC)1151445633
040 _aMdBmJHUP
_cMdBmJHUP
041 1 _aspa
_hfre
100 1 _aRousseau, Isabelle.
240 1 0 _aMexique, une revolution silencieuse?
_lSpanish
245 1 0 _aMéxico
_b¿Una revolución silenciosa? Élites gubernamentales y proyecto de modernización, (1970-1995) /
_cIsabelle Rousseau.
250 _a1. ed. en español.
264 1 _bEl Colegio de Mexico, Centro de Estudios Internacionales,
264 3 _bProject MUSE,
300 _a1 online resource (1 online resource 536 pages) :
_billustrations
506 0 _aOpen Access
_fUnrestricted online access
_2star
588 _aDescription based on print version record.
651 0 _aMexico.
_2fast
_0(OCoLC)fst01211700
651 0 _aMexico
_xSocial policy.
651 0 _aMexico
_xEconomic policy.
651 0 _aMexico
_xPolitics and government
_y1988-
651 0 _aMexico
_xPolitics and government
_y1970-1988.
650 0 _aHISTORY / Latin America / Mexico
_2bisacsh
650 0 _aSocial policy.
_2fast
_0(OCoLC)fst01122738
650 0 _aPolitics and government
_2fast
_0(OCoLC)fst01919741
650 0 _aEconomic policy.
_2fast
_0(OCoLC)fst00902025
655 0 _aElectronic books.
655 7 _aElectronic books.
_2local
710 2 _aProject Muse.
_edistributor
830 0 _aBook collections on Project MUSE.
856 4 0 _zFull text available:
_uhttps://muse.jhu.edu/book/74710/
999 _c26515
_d26515